[Event "U12-U20 French Championships"]
[Site "chess24.com"]
[Date "2019.04.19"]
[Round "7"]
[White "Degraeve, Remy"]
[Black "Dalaud, Dorian"]
[Result "1-0"]
[Board "20"]
[WhiteTitle "FM"]
[WhiteElo "2312"]
[WhiteCountry "FRA"]
[WhiteFideId "26024560"]
[WhiteEloChange "6"]
[BlackElo "2167"]
[BlackCountry "FRA"]
[BlackFideId "36093270"]
[BlackEloChange "-6"]

1. b3 {[%clk 1:30:57]} e5 {[%clk 1:30:14]} 2. Bb2 {[%clk 1:31:22]} Nc6 {[%clk
1:30:40]} 3. e3 {[%clk 1:31:50]} g6 {[%clk 1:31:08]} 4. c4 {[%clk 1:32:13]} Bg7
{[%clk 1:31:32]} 5. Nf3 {[%clk 1:32:40]} f5 {[%clk 1:31:19]} 6. Be2 {[%clk
1:33:02]} d6 {[%clk 1:30:08]} 7. h4 {[%clk 1:33:27]} h6 {[%clk 1:22:35]} 8. d4
{[%clk 1:32:50]} e4 {[%clk 1:21:19]} 9. Ng1 {[%clk 1:33:16]} Nce7 {[%clk
1:15:04]} 10. Qd2 {[%clk 1:24:41]} Nf6 {[%clk 1:14:13]} 11. d5 {[%clk 1:19:38]}
O-O {[%clk 1:02:27]} 12. Nh3 {[%clk 1:19:11]} a6 {[%clk 0:57:52]} 13. Nf4 {[%clk
1:17:36]} Bd7 {[%clk 0:56:28]} 14. Na3 {[%clk 1:16:10]} Kh7 {[%clk 0:48:38]} 15.
Nc2 {[%clk 1:16:17]} Qc8 {[%clk 0:49:01]} 16. Nd4 {[%clk 1:15:59]} c5 {[%clk
0:47:00]} 17. Nde6 {[%clk 1:16:03]} Rf7 {[%clk 0:47:01]} 18. O-O-O {[%clk
1:10:32]} Kg8 {[%clk 0:44:53]} 19. Rdg1 {[%clk 1:08:38]} h5 {[%clk 0:43:42]} 20.
Rh3 {[%clk 0:54:27]} 1-0

[Event "U12-U20 French Championships"]
[Site "chess24.com"]
[Date "2019.04.19"]
[Round "7"]
[White "Defromont, Benjamin"]
[Black "Lary, Damien"]
[Result "1-0"]
[Board "21"]
[WhiteElo "2200"]
[WhiteCountry "FRA"]
[WhiteFideId "36068829"]
[WhiteEloChange "6"]
[BlackElo "2067"]
[BlackCountry "FRA"]
[BlackFideId "26053446"]
[BlackEloChange "-6"]

1. e4 {[%clk 1:30:58]} e6 {[%clk 1:30:54]} 2. d4 {[%clk 1:31:23]} d5 {[%clk
1:31:19]} 3. Nc3 {[%clk 1:31:49]} Bb4 {[%clk 1:31:43]} 4. Bd3 {[%clk 1:32:15]}
Nc6 {[%clk 1:28:41]} 5. Ne2 {[%clk 1:31:43]} dxe4 {[%clk 1:28:58]} 6. Bxe4 {[%clk
1:32:09]} Nf6 {[%clk 1:29:19]} 7. Bf3 {[%clk 1:32:37]} e5 {[%clk 1:29:22]} 8.
Bxc6+ {[%clk 1:29:28]} bxc6 {[%clk 1:29:06]} 9. O-O {[%clk 1:29:39]} Bg4 {[%clk
0:57:01]} 10. dxe5 {[%clk 1:24:03]} Qxd1 {[%clk 0:56:30]} 11. Rxd1 {[%clk
1:24:29]} Bxc3 {[%clk 0:56:10]} 12. bxc3 {[%clk 1:24:36]} Bxe2 {[%clk 0:56:00]}
13. Re1 {[%clk 1:24:52]} Nd5 {[%clk 0:56:19]} 14. Rxe2 {[%clk 1:25:14]} Nxc3
{[%clk 0:56:44]} 15. Re1 {[%clk 1:21:33]} O-O {[%clk 0:56:19]} 16. Bb2 {[%clk
1:14:56]} Nd5 {[%clk 0:56:24]} 17. e6 {[%clk 1:09:26]} Rfe8 {[%clk 0:55:34]} 18.
exf7+ {[%clk 1:08:45]} Kxf7 {[%clk 0:56:03]} 19. Bd4 {[%clk 1:03:30]} a5 {[%clk
0:45:06]} 20. a3 {[%clk 0:57:33]} a4 {[%clk 0:43:42]} 21. Kf1 {[%clk 0:56:06]}
Nb6 {[%clk 0:44:03]} 22. Bc5 {[%clk 0:38:25]} Nc4 {[%clk 0:44:13]} 23. Bb4 {[%clk
0:38:15]} Rad8 {[%clk 0:30:51]} 24. Rxe8 {[%clk 0:33:20]} Rxe8 {[%clk 0:31:09]}
25. Rd1 {[%clk 0:33:34]} Nb6 {[%clk 0:31:33]} 26. Rd4 {[%clk 0:29:54]} Re5 {[%clk
0:28:49]} 27. Rg4 {[%clk 0:27:37]} g6 {[%clk 0:28:56]} 28. Rh4 {[%clk 0:27:35]}
h5 {[%clk 0:26:20]} 29. Rf4+ {[%clk 0:24:43]} Ke6 {[%clk 0:26:39]} 30. Rf8 {[%clk
0:24:30]} c5 {[%clk 0:16:51]} 31. Bc3 {[%clk 0:18:23]} Rf5 {[%clk 0:16:22]} 32.
Rg8 {[%clk 0:16:31]} g5 {[%clk 0:16:21]} 33. Bd2 {[%clk 0:13:55]} g4 {[%clk
0:16:32]} 34. Ke2 {[%clk 0:10:29]} Nc4 {[%clk 0:11:20]} 35. Bc1 {[%clk 0:10:51]}
Nd6 {[%clk 0:11:08]} 36. Ra8 {[%clk 0:08:46]} Nb5 {[%clk 0:11:03]} 37. c4 {[%clk
0:07:21]} Nc3+ {[%clk 0:09:23]} 38. Ke1 {[%clk 0:05:52]} Kd7 {[%clk 0:09:11]} 39.
Be3 {[%clk 0:04:53]} Kc6 {[%clk 0:07:47]} 40. Rb8 {[%clk 0:04:34]} Re5 {[%clk
0:07:26]} 41. Kd2 {[%clk 0:04:36]} Ne4+ {[%clk 0:06:46]} 42. Kd3 {[%clk 0:04:57]}
Nf6 {[%clk 0:03:57]} 43. Ra8 {[%clk 0:05:15]} Nd7 {[%clk 0:04:01]} 44. Rxa4
{[%clk 0:05:29]} Re8 {[%clk 0:04:13]} 45. Ra6+ {[%clk 0:05:38]} Nb6 {[%clk
0:04:25]} 46. Ra5 {[%clk 0:05:56]} Nd7 {[%clk 0:04:13]} 47. a4 {[%clk 0:05:12]}
Rb8 {[%clk 0:01:19]} 48. Rb5 {[%clk 0:04:24]} Ra8 {[%clk 0:00:59]} 49. a5 {[%clk
0:04:42]} Re8 {[%clk 0:01:05]} 50. Rb1 {[%clk 0:03:07]} Ra8 {[%clk 0:01:12]} 51.
Bd2 {[%clk 0:03:25]} Ne5+ {[%clk 0:01:11]} 52. Kc3 {[%clk 0:02:35]} Rxa5 {[%clk
0:01:32]} 53. Kb3 {[%clk 0:02:54]} Ra8 {[%clk 0:01:57]} 54. Re1 {[%clk 0:03:12]}
Nd3 {[%clk 0:01:51]} 55. Re6+ {[%clk 0:03:11]} Kd7 {[%clk 0:01:35]} 56. Rh6
{[%clk 0:01:57]} Nxf2 {[%clk 0:01:47]} 57. Rxh5 {[%clk 0:02:20]} Rb8+ {[%clk
0:01:51]} 58. Kc2 {[%clk 0:02:30]} Ne4 {[%clk 0:01:18]} 59. Be3 {[%clk 0:02:48]}
Rb4 {[%clk 0:01:09]} 60. Kd3 {[%clk 0:00:34]} Nd6 {[%clk 0:01:39]} 61. Bxc5
{[%clk 0:02:33]} Rb2 {[%clk 0:01:49]} 62. g3 {[%clk 0:02:29]} Rb3+ {[%clk
0:00:39]} 63. Kd4 {[%clk 0:02:06]} Rb2 {[%clk 0:00:43]} 64. Ba3 {[%clk 0:00:39]}
Rd2+ {[%clk 0:00:59]} 65. Kc3 {[%clk 0:00:45]} Ne4+ {[%clk 0:01:19]} 66. Kb4
{[%clk 0:00:44]} c5+ {[%clk 0:01:19]} 67. Kb5 {[%clk 0:00:50]} Kd6 {[%clk
0:00:47]} 68. Rh6+ {[%clk 0:01:05]} Ke5 {[%clk 0:00:51]} 69. Bxc5 {[%clk
0:00:37]} Rb2+ {[%clk 0:01:06]} 70. Kc6 {[%clk 0:01:01]} Rc2 {[%clk 0:01:10]} 71.
Rh5+ {[%clk 0:00:59]} Ke6 {[%clk 0:01:40]} 72. Kb5 {[%clk 0:00:46]} Rb2+ {[%clk
0:02:05]} 73. Bb4 {[%clk 0:00:57]} Nd6+ {[%clk 0:02:20]} 74. Kc5 {[%clk 0:01:10]}
Ne4+ {[%clk 0:02:45]} 75. Kd4 {[%clk 0:01:08]} Rxb4 {[%clk 0:02:43]} 76. Re5+
{[%clk 0:01:31]} Kf6 {[%clk 0:03:07]} 77. Rxe4 {[%clk 0:01:56]} Kf5 {[%clk
0:02:57]} 78. Re2 {[%clk 0:02:20]} Rb1 {[%clk 0:02:19]} 79. c5 {[%clk 0:02:41]}
Rd1+ {[%clk 0:02:33]} 80. Kc4 {[%clk 0:03:07]} Rc1+ {[%clk 0:03:03]} 81. Kd5
{[%clk 0:03:25]} Rd1+ {[%clk 0:03:23]} 82. Kc6 {[%clk 0:03:50]} Rc1 {[%clk
0:03:34]} 83. Kd6 {[%clk 0:04:17]} Rd1+ {[%clk 0:03:59]} 84. Kc7 {[%clk 0:04:42]}
Rc1 {[%clk 0:04:23]} 85. c6 {[%clk 0:05:09]} Kf6 {[%clk 0:04:28]} 86. Kd7 {[%clk
0:05:19]} Rd1+ {[%clk 0:04:52]} 87. Kc8 {[%clk 0:05:44]} Rc1 {[%clk 0:05:17]} 88.
c7 {[%clk 0:06:10]} Kf5 {[%clk 0:05:37]} 89. Re7 {[%clk 0:06:19]} Kf6 {[%clk
0:05:53]} 90. Kd8 {[%clk 0:06:20]} Rc2 {[%clk 0:05:16]} 91. Rd7 {[%clk 0:06:30]}
Rxh2 {[%clk 0:04:39]} 92. c8Q {[%clk 0:06:49]} Rh8+ {[%clk 0:05:03]} 93. Kc7
{[%clk 0:07:15]} Rxc8+ {[%clk 0:05:28]} 94. Kxc8 {[%clk 0:07:42]} Ke5 {[%clk
0:05:38]} 95. Rf7 {[%clk 0:08:05]} Ke4 {[%clk 0:05:51]} 1-0

[Event "U12-U20 French Championships"]
[Site "chess24.com"]
[Date "2019.04.19"]
[Round "7"]
[White "Aubert, Estee"]
[Black "Moracchini, Margaux"]
[Result "1-0"]
[Board "23"]
[WhiteElo "1839"]
[WhiteCountry "FRA"]
[WhiteFideId "26053438"]
[WhiteEloChange "11"]
[BlackElo "1891"]
[BlackCountry "FRA"]
[BlackFideId "36018198"]
[BlackEloChange "-11"]

1. d4 {[%clk 1:30:58]} Nf6 {[%clk 1:30:56]} 2. Nf3 {[%clk 1:31:23]} g6 {[%clk
1:30:37]} 3. Nbd2 {[%clk 1:31:46]} d5 {[%clk 1:28:12]} 4. e3 {[%clk 1:32:08]} Bg7
{[%clk 1:27:34]} 5. b4 {[%clk 1:32:23]} O-O {[%clk 1:24:32]} 6. c4 {[%clk
1:32:33]} a5 {[%clk 1:18:25]} 7. b5 {[%clk 1:32:59]} c5 {[%clk 1:16:36]} 8. dxc5
{[%clk 1:33:16]} Nfd7 {[%clk 1:12:39]} 9. Ba3 {[%clk 1:33:40]} dxc4 {[%clk
1:07:18]} 10. Rc1 {[%clk 1:16:51]} c3 {[%clk 1:03:18]} 11. Ne4 {[%clk 1:16:35]}
Qc7 {[%clk 1:00:59]} 12. Nxc3 {[%clk 1:16:00]} Nf6 {[%clk 0:58:47]} 13. Qb3
{[%clk 1:07:21]} Bg4 {[%clk 0:53:35]} 14. Be2 {[%clk 1:06:34]} Nbd7 {[%clk
0:52:24]} 15. Na4 {[%clk 1:06:10]} Rac8 {[%clk 0:43:08]} 16. h3 {[%clk 0:03:52]}
Bf5 {[%clk 0:40:42]} 17. O-O {[%clk 1:03:17]} Ne4 {[%clk 0:37:28]} 18. Rfd1
{[%clk 1:02:21]} Ne5 {[%clk 0:33:34]} 19. Nd4 {[%clk 0:58:24]} Rcd8 {[%clk
0:24:38]} 20. Nb6 {[%clk 0:54:48]} h5 {[%clk 0:15:59]} 21. Nxf5 {[%clk 0:52:11]}
gxf5 {[%clk 0:16:22]} 22. Nd5 {[%clk 0:52:25]} Qb8 {[%clk 0:12:11]} 23. Nxe7+
{[%clk 0:52:24]} Kh8 {[%clk 0:12:29]} 24. Nxf5 {[%clk 0:01:50]} Qc8 {[%clk
0:09:31]} 1-0

[Event "U12-U20 French Championships"]
[Site "chess24.com"]
[Date "2019.04.19"]
[Round "7"]
[White "Sabiani, Chjara"]
[Black "Diez, Ambre"]
[Result "0-1"]
[Board "24"]
[WhiteElo "1812"]
[WhiteCountry "FRA"]
[WhiteFideId "26081369"]
[WhiteEloChange "-11"]
[BlackElo "1775"]
[BlackCountry "FRA"]
[BlackFideId "36074772"]
[BlackEloChange "11"]

1. d4 {[%clk 1:30:12]} Nf6 {[%clk 1:30:50]} 2. c4 {[%clk 1:30:11]} c5 {[%clk
1:31:11]} 3. d5 {[%clk 1:30:22]} b5 {[%clk 1:31:34]} 4. Qc2 {[%clk 1:30:18]} bxc4
{[%clk 1:31:55]} 5. e4 {[%clk 1:30:21]} g6 {[%clk 1:32:18]} 6. Bxc4 {[%clk
1:29:24]} d6 {[%clk 1:32:35]} 7. h3 {[%clk 1:28:16]} Bg7 {[%clk 1:32:47]} 8. Nf3
{[%clk 1:28:29]} O-O {[%clk 1:32:56]} 9. O-O {[%clk 1:28:28]} Ba6 {[%clk
1:33:09]} 10. Na3 {[%clk 1:28:22]} Nfd7 {[%clk 1:33:16]} 11. Bd2 {[%clk 1:27:36]}
Nb6 {[%clk 1:32:33]} 12. Bxa6 {[%clk 1:21:39]} Nxa6 {[%clk 1:32:54]} 13. Bc3
{[%clk 1:21:19]} Qd7 {[%clk 1:21:58]} 14. Bxg7 {[%clk 1:16:30]} Kxg7 {[%clk
1:22:21]} 15. Nc4 {[%clk 1:15:51]} Nxc4 {[%clk 1:13:30]} 16. Qxc4 {[%clk
1:14:19]} Nc7 {[%clk 1:13:56]} 17. Rad1 {[%clk 1:12:10]} f6 {[%clk 1:13:48]} 18.
Nh2 {[%clk 1:07:56]} Rab8 {[%clk 1:13:36]} 19. Qc1 {[%clk 1:07:20]} Qa4 {[%clk
1:12:06]} 20. Ng4 {[%clk 1:05:37]} Rf7 {[%clk 1:08:05]} 21. Rde1 {[%clk 0:39:37]}
Qxa2 {[%clk 0:59:33]} 22. Qh6+ {[%clk 0:39:43]} Kg8 {[%clk 0:59:42]} 23. h4
{[%clk 0:38:11]} Qxb2 {[%clk 0:58:43]} 24. h5 {[%clk 0:37:54]} Rg7 {[%clk
0:58:10]} 25. hxg6 {[%clk 0:35:53]} Rxg6 {[%clk 0:52:52]} 26. Qh3 {[%clk
0:35:03]} Kg7 {[%clk 0:52:49]} 27. Ne3 {[%clk 0:33:47]} e6 {[%clk 0:35:04]} 28.
Nc4 {[%clk 0:18:01]} Qb3 {[%clk 0:32:51]} 29. Ne3 {[%clk 0:16:03]} Kh8 {[%clk
0:27:10]} 30. Rd1 {[%clk 0:14:54]} Rbg8 {[%clk 0:22:49]} 31. Rb1 {[%clk 0:15:03]}
Qd3 {[%clk 0:21:52]} 32. Rb7 {[%clk 0:13:23]} R6g7 {[%clk 0:21:16]} 33. Qh4
{[%clk 0:12:23]} Qd4 {[%clk 0:18:31]} 34. dxe6 {[%clk 0:10:59]} Qe5 {[%clk
0:14:54]} 35. Nf5 {[%clk 0:09:21]} Rxg2+ {[%clk 0:13:41]} 36. Kh1 {[%clk
0:09:38]} R2g4 {[%clk 0:13:59]} 37. Qh3 {[%clk 0:06:54]} Qxe4+ {[%clk 0:00:13]}
38. f3 {[%clk 0:07:24]} Qxb7 {[%clk 0:14:33]} 39. Nh6 {[%clk 0:06:46]} Nxe6
{[%clk 0:10:32]} 40. Nxg8 {[%clk 0:06:10]} Rxg8 {[%clk 0:10:52]} 41. Qxe6 {[%clk
0:06:35]} Qb2 {[%clk 0:11:09]} 42. Qh3 {[%clk 0:06:34]} a5 {[%clk 0:11:12]} 43.
Rg1 {[%clk 0:06:36]} Rxg1+ {[%clk 0:11:38]} 44. Kxg1 {[%clk 0:07:06]} Qc1+ {[%clk
0:11:52]} 45. Kg2 {[%clk 0:07:21]} Qd2+ {[%clk 0:12:16]} 46. Kg3 {[%clk 0:07:01]}
Qg5+ {[%clk 0:12:32]} 47. Kf2 {[%clk 0:07:25]} Qe5 {[%clk 0:12:36]} 48. Qc8+
{[%clk 0:07:39]} Kg7 {[%clk 0:13:01]} 49. Qc7+ {[%clk 0:07:59]} Kg6 {[%clk
0:13:26]} 50. Qxa5 {[%clk 0:08:09]} Qh2+ {[%clk 0:13:39]} 51. Ke3 {[%clk
0:08:29]} Qg1+ {[%clk 0:13:58]} 52. Ke2 {[%clk 0:08:48]} Qd4 {[%clk 0:14:02]} 53.
Qd8 {[%clk 0:08:39]} Qe5+ {[%clk 0:13:39]} 54. Kf2 {[%clk 0:08:55]} Qe6 {[%clk
0:13:59]} 55. Qa5 {[%clk 0:08:22]} c4 {[%clk 0:14:14]} 56. Qc3 {[%clk 0:08:22]}
d5 {[%clk 0:14:21]} 57. Qc2+ {[%clk 0:08:17]} Kg7 {[%clk 0:14:30]} 58. Qa4 {[%clk
0:08:15]} Qe5 {[%clk 0:14:39]} 59. Qd7+ {[%clk 0:08:18]} Kg6 {[%clk 0:14:44]} 60.
Qg4+ {[%clk 0:08:36]} Qg5 {[%clk 0:15:09]} 61. Qd7 {[%clk 0:08:59]} Qd2+ {[%clk
0:14:34]} 62. Kg3 {[%clk 0:09:24]} c3 {[%clk 0:13:04]} 63. f4 {[%clk 0:09:20]}
Qe3+ {[%clk 0:12:39]} 64. Kg4 {[%clk 0:09:35]} h5+ {[%clk 0:12:59]} 65. Kh4
{[%clk 0:09:55]} Qxf4+ {[%clk 0:13:19]} 66. Kh3 {[%clk 0:10:19]} Qg4+ {[%clk
0:13:40]} 67. Qxg4+ {[%clk 0:10:43]} hxg4+ {[%clk 0:14:10]} 0-1

[Event "U12-U20 French Championships"]
[Site "chess24.com"]
[Date "2019.04.19"]
[Round "7"]
[White "Djidjeli, Sarah"]
[Black "Randrianarimanana, Alicia"]
[Result "1-0"]
[Board "25"]
[WhiteElo "2041"]
[WhiteCountry "FRA"]
[WhiteFideId "36067474"]
[WhiteEloChange "5"]
[BlackElo "1861"]
[BlackCountry "FRA"]
[BlackFideId "36034738"]
[BlackEloChange "-5"]

1. e4 {[%clk 1:30:59]} c5 {[%clk 1:30:57]} 2. Nf3 {[%clk 1:31:23]} Nf6 {[%clk
1:31:09]} 3. e5 {[%clk 1:31:38]} Nd5 {[%clk 1:31:36]} 4. Nc3 {[%clk 1:31:58]}
Nxc3 {[%clk 1:32:02]} 5. dxc3 {[%clk 1:32:19]} Nc6 {[%clk 1:32:23]} 6. Bf4 {[%clk
1:32:12]} Qb6 {[%clk 1:32:41]} 7. Qc1 {[%clk 1:32:07]} e6 {[%clk 1:16:42]} 8. Bd3
{[%clk 1:25:19]} Qc7 {[%clk 1:16:33]} 9. Qe3 {[%clk 1:22:11]} h6 {[%clk 1:15:17]}
10. h4 {[%clk 1:20:10]} b6 {[%clk 1:15:36]} 11. O-O-O {[%clk 1:15:48]} a6 {[%clk
1:15:15]} 12. Rhe1 {[%clk 1:03:13]} b5 {[%clk 1:15:36]} 13. Be4 {[%clk 0:58:18]}
Bb7 {[%clk 1:15:34]} 14. Nd2 {[%clk 0:56:19]} c4 {[%clk 1:12:03]} 15. Bf3 {[%clk
0:45:36]} Ne7 {[%clk 0:51:35]} 16. Bxb7 {[%clk 0:36:03]} Qxb7 {[%clk 0:52:04]}
17. Ne4 {[%clk 0:35:55]} Nd5 {[%clk 0:46:30]} 18. Rxd5 {[%clk 0:25:49]} Qxd5
{[%clk 0:45:18]} 19. Rd1 {[%clk 0:26:05]} Qb7 {[%clk 0:38:23]} 20. g4 {[%clk
0:24:25]} Rb8 {[%clk 0:33:18]} 21. Nd6+ {[%clk 0:21:12]} Bxd6 {[%clk 0:33:44]}
22. exd6 {[%clk 0:21:11]} b4 {[%clk 0:19:26]} 23. cxb4 {[%clk 0:01:17]} Qxb4
{[%clk 0:19:44]} 24. Be5 {[%clk 0:20:49]} f6 {[%clk 0:19:14]} 25. Bc3 {[%clk
0:21:05]} Qb6 {[%clk 0:19:29]} 26. Qf4 {[%clk 0:20:46]} Rf8 {[%clk 0:11:21]} 27.
Re1 {[%clk 0:18:10]} Rc8 {[%clk 0:08:10]} 28. a3 {[%clk 0:17:25]} Rc6 {[%clk
0:07:28]} 29. Rd1 {[%clk 0:17:43]} Qb5 {[%clk 0:05:44]} 30. Qe4 {[%clk 0:16:06]}
Kf7 {[%clk 0:05:29]} 31. f4 {[%clk 0:06:02]} Rb8 {[%clk 0:03:52]} 32. f5 {[%clk
0:05:32]} e5 {[%clk 0:04:10]} 33. g5 {[%clk 0:05:22]} hxg5 {[%clk 0:04:02]} 34.
hxg5 {[%clk 0:05:46]} Rh8 {[%clk 0:04:22]} 35. gxf6 {[%clk 0:05:54]} gxf6 {[%clk
0:04:39]} 36. Qg4 {[%clk 0:06:10]} Rg8 {[%clk 0:04:40]} 37. Qh5+ {[%clk 0:06:25]}
Kf8 {[%clk 0:05:03]} 38. Qh6+ {[%clk 0:06:43]} Kf7 {[%clk 0:05:22]} 39. Qh5+
{[%clk 0:06:41]} Kf8 {[%clk 0:05:48]} 40. Qh7 {[%clk 0:06:41]} Rg7 {[%clk
0:06:03]} 41. Qh8+ {[%clk 0:06:52]} Kf7 {[%clk 0:06:32]} 42. Qd8 {[%clk 0:06:16]}
Qb7 {[%clk 0:06:15]} 43. Qe7+ {[%clk 0:06:32]} Kg8 {[%clk 0:06:43]} 44. Qe8+
{[%clk 0:06:55]} Kh7 {[%clk 0:06:54]} 45. Rh1# {[%clk 0:07:23]} 1-0

[Event "U12-U20 French Championships"]
[Site "chess24.com"]
[Date "2019.04.19"]
[Round "7"]
[White "Guitouni, Soha"]
[Black "Yuan, Beline"]
[Result "0-1"]
[Board "26"]
[WhiteElo "1575"]
[WhiteCountry "FRA"]
[WhiteFideId "36069175"]
[WhiteEloChange "-2"]
[BlackElo "1977"]
[BlackCountry "FRA"]
[BlackFideId "36019879"]
[BlackEloChange "2"]

1. e4 {[%clk 1:30:56]} e6 {[%clk 1:30:41]} 2. d4 {[%clk 1:31:12]} d5 {[%clk
1:30:54]} 3. Nd2 {[%clk 1:31:25]} Nc6 {[%clk 1:30:55]} 4. Ngf3 {[%clk 1:31:18]}
Nf6 {[%clk 1:31:03]} 5. e5 {[%clk 1:31:17]} Nd7 {[%clk 1:30:55]} 6. c4 {[%clk
1:31:22]} dxc4 {[%clk 1:30:51]} 7. Nxc4 {[%clk 1:31:35]} Bb4+ {[%clk 1:30:29]} 8.
Bd2 {[%clk 1:31:13]} Bxd2+ {[%clk 1:30:05]} 9. Qxd2 {[%clk 1:31:06]} Nb6 {[%clk
1:29:38]} 10. Nxb6 {[%clk 1:29:50]} axb6 {[%clk 1:29:50]} 11. a3 {[%clk 1:30:11]}
Ne7 {[%clk 1:28:14]} 12. Rc1 {[%clk 1:26:24]} Bd7 {[%clk 1:27:52]} 13. Bd3 {[%clk
1:22:00]} Bc6 {[%clk 1:27:06]} 14. O-O {[%clk 1:18:38]} O-O {[%clk 1:26:58]} 15.
Qc2 {[%clk 1:09:36]} h6 {[%clk 1:21:26]} 16. Be4 {[%clk 1:08:57]} Nd5 {[%clk
1:20:57]} 17. Rfd1 {[%clk 0:59:42]} Ba4 {[%clk 1:15:21]} 18. b3 {[%clk 0:59:12]}
Bc6 {[%clk 1:15:40]} 19. a4 {[%clk 0:58:20]} Rc8 {[%clk 1:00:45]} 20. Qe2 {[%clk
0:57:15]} f5 {[%clk 0:54:01]} 21. exf6 {[%clk 0:55:16]} Qxf6 {[%clk 0:01:55]} 22.
Qd2 {[%clk 0:46:25]} Rcd8 {[%clk 0:31:36]} 23. Ne5 {[%clk 0:44:59]} Nf4 {[%clk
0:29:00]} 24. Nxc6 {[%clk 0:43:36]} bxc6 {[%clk 0:29:14]} 25. Qe3 {[%clk
0:40:33]} Rxd4 {[%clk 0:27:42]} 26. Bxc6 {[%clk 0:39:58]} Rfd8 {[%clk 0:25:24]}
27. Bf3 {[%clk 0:32:38]} e5 {[%clk 0:19:17]} 28. Rxd4 {[%clk 0:26:51]} exd4
{[%clk 0:19:38]} 29. Qe4 {[%clk 0:26:47]} c5 {[%clk 0:18:27]} 30. a5 {[%clk
0:25:53]} Qg5 {[%clk 0:14:51]} 31. Ra1 {[%clk 0:23:40]} bxa5 {[%clk 0:14:27]} 32.
Rxa5 {[%clk 0:22:48]} d3 {[%clk 0:09:20]} 33. g3 {[%clk 0:19:04]} Nh3+ {[%clk
0:07:36]} 34. Kg2 {[%clk 0:18:26]} Nxf2 {[%clk 0:06:12]} 35. Qc4+ {[%clk
0:18:18]} Kh7 {[%clk 0:05:56]} 36. Qxc5 {[%clk 0:18:18]} Qd2 {[%clk 0:04:53]} 37.
Qf5+ {[%clk 0:13:44]} Kh8 {[%clk 0:05:10]} 38. Ra8 {[%clk 0:10:13]} Ne4+ {[%clk
0:01:25]} 39. Kh3 {[%clk 0:00:08]} 0-1

[Event "U12-U20 French Championships"]
[Site "chess24.com"]
[Date "2019.04.19"]
[Round "7"]
[White "Meillon, Judicael"]
[Black "Papadiamandis, Elliot"]
[Result "0-1"]
[Board "28"]
[WhiteElo "1987"]
[WhiteCountry "FRA"]
[WhiteFideId "36044288"]
[WhiteEloChange "-5"]
[BlackElo "2157"]
[BlackCountry "FRA"]
[BlackFideId "36074160"]
[BlackEloChange "5"]

1. e3 {[%clk 1:30:40]} Nf6 {[%clk 1:26:23]} 2. Nf3 {[%clk 1:29:32]} d5 {[%clk
1:24:52]} 3. b3 {[%clk 1:28:35]} e6 {[%clk 1:21:42]} 4. Bb2 {[%clk 1:26:56]} Be7
{[%clk 1:21:08]} 5. Be2 {[%clk 1:25:15]} Nbd7 {[%clk 1:20:36]} 6. O-O {[%clk
1:24:28]} O-O {[%clk 1:18:06]} 7. d3 {[%clk 1:22:32]} b6 {[%clk 1:17:40]} 8. Nbd2
{[%clk 1:20:33]} Bb7 {[%clk 1:17:21]} 9. h3 {[%clk 1:18:05]} c5 {[%clk 1:05:02]}
10. Nh2 {[%clk 1:14:01]} e5 {[%clk 0:59:01]} 11. c4 {[%clk 1:12:18]} Re8 {[%clk
0:51:55]} 12. Ng4 {[%clk 1:07:45]} Bf8 {[%clk 0:42:13]} 13. cxd5 {[%clk 0:56:56]}
Nxd5 {[%clk 0:33:13]} 14. Bf3 {[%clk 0:52:48]} f5 {[%clk 0:26:57]} 15. Nh2 {[%clk
0:51:46]} N7f6 {[%clk 0:23:21]} 16. Re1 {[%clk 0:46:47]} Rb8 {[%clk 0:20:25]} 17.
a3 {[%clk 0:44:19]} b5 {[%clk 0:18:30]} 18. Qc2 {[%clk 0:40:36]} Qd7 {[%clk
0:17:22]} 19. Rac1 {[%clk 0:39:24]} Nb6 {[%clk 0:16:01]} 20. Bxb7 {[%clk
0:38:39]} Qxb7 {[%clk 0:16:02]} 21. d4 {[%clk 0:35:32]} cxd4 {[%clk 0:15:01]} 22.
Qxf5 {[%clk 0:32:44]} dxe3 {[%clk 0:14:42]} 23. Rxe3 {[%clk 0:32:11]} Qd7 {[%clk
0:14:57]} 24. Qxd7 {[%clk 0:31:27]} Nbxd7 {[%clk 0:15:04]} 25. Ne4 {[%clk
0:28:54]} Nxe4 {[%clk 0:13:12]} 26. Rxe4 {[%clk 0:29:02]} Rbc8 {[%clk 0:11:10]}
27. Rxc8 {[%clk 0:26:55]} Rxc8 {[%clk 0:11:39]} 28. Ng4 {[%clk 0:26:20]} Rc2
{[%clk 0:09:52]} 29. Bxe5 {[%clk 0:25:48]} Nxe5 {[%clk 0:09:45]} 30. Nxe5 {[%clk
0:26:04]} Bxa3 {[%clk 0:08:46]} 31. b4 {[%clk 0:21:41]} Bb2 {[%clk 0:08:17]} 32.
g4 {[%clk 0:20:57]} a6 {[%clk 0:04:23]} 33. Nd3 {[%clk 0:19:46]} Bf6 {[%clk
0:04:03]} 34. Re6 {[%clk 0:18:54]} Rc3 {[%clk 0:03:08]} 35. Nf4 {[%clk 0:16:19]}
Ra3 {[%clk 0:02:10]} 36. Kg2 {[%clk 0:16:43]} Ra2 {[%clk 0:02:10]} 37. Nd3 {[%clk
0:16:58]} Kf7 {[%clk 0:02:10]} 38. Nc5 {[%clk 0:16:58]} a5 {[%clk 0:01:59]} 39.
bxa5 {[%clk 0:16:58]} Bd4 {[%clk 0:02:09]} 40. Rc6 {[%clk 0:17:22]} Rxf2+ {[%clk
0:02:09]} 41. Kg3 {[%clk 0:17:36]} Rc2 {[%clk 0:02:09]} 42. a6 {[%clk 0:17:36]}
Bxc5 43. a7 {[%clk 0:18:00]} Bf2+ 44. Kf3 {[%clk 0:18:00]} Ra2 45. Rc7+ {[%clk
0:17:48]} Kf6 {[%clk 0:00:16]} 46. a8Q {[%clk 0:17:31]} Rxa8 {[%clk 0:00:16]} 47.
Kxf2 {[%clk 0:17:56]} Rb8 48. Rc3 {[%clk 0:17:56]} b4 49. Rb3 {[%clk 0:18:20]}
Ke5 50. Ke3 {[%clk 0:18:32]} Kd5 51. Kd3 {[%clk 0:18:15]} Kc5 52. Kc2 {[%clk
0:18:35]} Ra8 53. Rf3 {[%clk 0:17:54]} Ra2+ 54. Kc1 {[%clk 0:18:16]} Ra7 55. Kc2
{[%clk 0:17:59]} Ra2+ 56. Kc1 {[%clk 0:17:59]} Rh2 57. g5 {[%clk 0:17:59]} g6 58.
Re3 {[%clk 0:18:03]} Kd4 59. Rg3 {[%clk 0:18:03]} Kc4 60. Rf3 {[%clk 0:18:28]} b3
61. Rf4+ {[%clk 0:18:28]} Kc3 {[%clk 0:02:49]} 62. Rf3+ {[%clk 0:16:44]} Kb4
{[%clk 0:02:49]} 63. Rf7 {[%clk 0:16:44]} Kc3 {[%clk 0:03:12]} 64. Rb7 {[%clk
0:17:14]} Rxh3 {[%clk 0:03:47]} 65. Rc7+ {[%clk 0:17:44]} Kd4 {[%clk 0:03:53]}
66. Kb2 {[%clk 0:18:14]} Ke4 {[%clk 0:04:13]} 67. Rf7 {[%clk 0:18:38]} Ke5 {[%clk
0:04:12]} 68. Rf1 {[%clk 0:18:53]} Ke6 {[%clk 0:04:30]} 69. Rf2 {[%clk 0:19:10]}
Rh5 {[%clk 0:04:34]} 70. Kxb3 {[%clk 0:19:35]} Rxg5 {[%clk 0:04:56]} 71. Kc3
{[%clk 0:20:00]} Rd5 {[%clk 0:05:08]} 72. Re2+ {[%clk 0:20:02]} Kf6 {[%clk
0:05:33]} 73. Rf2+ {[%clk 0:20:25]} Kg7 {[%clk 0:05:55]} 74. Kc4 {[%clk 0:20:43]}
Rd1 {[%clk 0:06:21]} 75. Ra2 {[%clk 0:21:06]} h5 {[%clk 0:06:41]} 76. Ra7+ {[%clk
0:21:36]} Kh6 {[%clk 0:07:10]} 77. Ra8 {[%clk 0:22:01]} h4 {[%clk 0:07:26]} 78.
Rb8 {[%clk 0:22:22]} g5 {[%clk 0:07:46]} 79. Rg8 {[%clk 0:22:47]} Kh5 {[%clk
0:08:11]} 80. Kc3 {[%clk 0:23:11]} h3 {[%clk 0:08:31]} 0-1